Loading...

Agony and the ecstasy /

Bibliographic Details
Other Authors: Stone, Irving
Format: Printed Book
Language:English
Published: London: Arrow, 1997.
Subjects:
LEADER 00560cam a2200193ua 4500
008 080625t1997||||||||||| 00 ||eng c
020 |a 0-09-941627-1 
041 0 |a eng 
082 |a 813.5  |b STO/A 
245 0 2 |a Agony and the ecstasy /  
260 |a London:  |b Arrow,  |c 1997. 
300 |a 755p.. 
362 1 |a 1997. 
365 |a Pd. 5.20  |e pb 
650 0 |a American literature 
700 0 2 |a Stone, Irving,  
942 |c BK 
999 |c 18516  |d 18516 
952 |0 0  |1 0  |4 0  |6 813_500000000000000_STO  |7 0  |9 19349  |a KUCL  |b KUCL  |d 2014-05-23  |l 0  |o 813.5 STO/  |p 15183  |r 2014-05-23  |w 2014-05-23  |y BK